000 00264nam a22001217a 4500
008 180117b xxu||||| |||| 00| 0 eng d
041 _aeng
080 _a94
100 _a16
101 _aHIS
245 _aSchumpeter Life and Work
_cSchneider,E
942 _2udc
_cBK
999 _c40426
_d40426